000 00823nas a2200253 4500
001 BR2013006821
003 BR-BrBNA
005 20231205122836.0
007 ta
008 230509b bl.|||p| |||| 00| 00por d
040 _aBR-BrBNA
_bpor
_cBiblioteca Nacional de Agricultura
041 _a(Pt)
072 _aM11
100 1 _aCavalcante, P.P.L.
100 1 _aFurtado-Neto, M.A. de A.
245 1 _aImplementação de quotas individuais transferíveis e do desembarque compulsório de lagosta viva como estratégia de ordenamento da pesca
650 _aLAGOSTA
650 _aPESCA
650 _aMANEJO
650 _aECOSISTEMA
773 0 _tArquivos de Ciências do Mar (Brazil)
_xISSN 0374-5686
_g(Oct 2012), v. 45(2) p. 49-59
_wBR2013006821
909 _a202311
_bLúcia
_c55
_dLúcia Elande
942 _2AGRIS
_n0
_cANA
999 _c230866
_d230866